Theories of literature in the twentieth century : (Record no. 128343)
[ view plain ]
| 000 -LEADER | |
|---|---|
| fixed length control field | 00887nam a22002537a 4500 |
| 003 - CONTROL NUMBER IDENTIFIER | |
| control field | dpl |
| 005 - DATE AND TIME OF LATEST TRANSACTION | |
| control field | 20180529142909.0 |
| 008 - FIXED-LENGTH DATA ELEMENTS--GENERAL INFORMATION | |
| fixed length control field | 180529b xxu||||| |||| 00| 0 eng d |
| 010 ## - LIBRARY OF CONGRESS CONTROL NUMBER | |
| LC control number | A-899319 |
| 020 ## - INTERNATIONAL STANDARD BOOK NUMBER | |
| Terms of availability | 00.00 |
| International Standard Book Number | 8125010785 |
| 035 ## - SYSTEM CONTROL NUMBER | |
| System control number | A-899319, A-899321 |
| 037 ## - SOURCE OF ACQUISITION | |
| Source of stock number/acquisition | Cen Lib/Ret |
| 040 ## - CATALOGING SOURCE | |
| Original cataloging agency | DPL |
| Language of cataloging | EN |
| Transcribing agency | 0 |
| 082 ## - DEWEY DECIMAL CLASSIFICATION NUMBER | |
| Classification number | 880 |
| Item number | FOK |
| 100 ## - MAIN ENTRY--PERSONAL NAME | |
| Personal name | Fokkema, Douwe |
| 9 (RLIN) | 23109 |
| 245 ## - TITLE STATEMENT | |
| Title | Theories of literature in the twentieth century : |
| Statement of responsibility, etc | by Douwe Fokkema [and] Elrud Ibsch |
| Remainder of title | structuralism marxism aesthetics of reception semiotics / |
| 260 ## - PUBLICATION, DISTRIBUTION, ETC. (IMPRINT) | |
| Place of publication, distribution, etc | Hyderabad |
| Name of publisher, distributor, etc | Orient Longman Limited |
| Date of publication, distribution, etc | 1995 |
| 270 ## - ADDRESS | |
| Address | 3-6-272, Himayatnagar |
| City | Hyderabad |
| Postal code | 500 029 |
| 300 ## - PHYSICAL DESCRIPTION | |
| Extent | xix,219p. |
| Dimensions | 20cm(Hb) |
| 500 ## - GENERAL NOTE | |
| General note | Includes bibliographical references and index |
| 650 ## - SUBJECT ADDED ENTRY--TOPICAL TERM | |
| Topical term or geographic name as entry element | Literature in twentieth century |
| 9 (RLIN) | 23110 |
| 700 ## - ADDED ENTRY--PERSONAL NAME | |
| Personal name | Ibsch, Elrud |
| 9 (RLIN) | 23111 |
| 942 ## - ADDED ENTRY ELEMENTS (KOHA) | |
| Source of classification or shelving scheme | Dewey Decimal Classification |
| Koha item type | English Books |
| Classification part | 880 |
| Call number suffix | FOK |
| Withdrawn status | Lost status | Damaged status | Not for loan | Home library | Current library | Date acquired | Source of acquisition | Cost, normal purchase price | Total Checkouts | Full call number | Barcode | Date last seen | Copy number | Cost, replacement price | Price effective from | Koha item type | Source of classification or shelving scheme | Collection code | Date checked out |
|---|---|---|---|---|---|---|---|---|---|---|---|---|---|---|---|---|---|---|---|
| Central Library | Central Library | 02/07/2015 | Cen Lib/Ret | 0.00 | 880 FOK | A-899319 | 02/07/2015 | 1 | 0.00 | 02/07/2015 | English Books | ||||||||
| Shahdara Branch | Shahdara Branch | 29/05/2018 | BPPD/PUB | 0.00 | 1 | 880 FOK | A-899321 | 15/05/2019 | 0.00 | 29/05/2018 | English Books | Dewey Decimal Classification | Non-fiction | 30/04/2019 |
